The secret of the Sahara : Kufara /
محفوظ في:
المؤلف الرئيسي:
التنسيق: كتاب
اللغة: English
منشور في:
[London ; New York :
Cassell and Company Limited],
1921.
الموضوعات:
الوسوم: إضافة وسم
لا توجد وسوم, كن أول من يضع وسما على هذه التسجيلة!
رقم الطلب: DT55 .F6 1921
| LEADER | 00743namaa2200241 4500 | ||
|---|---|---|---|
| 001 | 18945 | ||
| 003 | OSt | ||
| 005 | 20260329064806.0 | ||
| 008 | 130303s1921 enkabcf 000 0 eng d | ||
| 010 | |a 22026027 | ||
| 040 | |c ARCE Library | ||
| 043 | |a f-ly--- | ||
| 050 | 4 | |a DT55 .F6 1921 | |
| 100 | 1 | |a Forbes, Rosita, |e author | |
| 245 | 1 | 4 | |a The secret of the Sahara : |b Kufara / |c by Rosita Forbes. |
| 264 | 1 | |a [London ; |a New York : |b Cassell and Company Limited], |c 1921. | |
| 300 | |a xvi, 350 pages : |b illustrations, plates, portraits, folded map ; |c 24 cm. | ||
| 651 | 0 | |a Libyan Desert |x Description and travel. | |
| 651 | 0 | |a Libya |x Description and travel. | |
| 651 | 0 | |a Kebabo (Libya) | |
| 901 | |a reviewed | ||
| 942 | |c BK |2 lcc | ||
| 999 | |c 15995 |d 15995 | ||
